|
|
|
|
| LEADER |
00665nam#a2200205#a#4500 |
| 001 |
007317 |
| 005 |
20160721144253.0 |
| 008 |
010829q2000####ag##################spa#d |
| 040 |
|
|
|a AR-beUNQ
|
| 099 |
|
|
|a 10-U55
|
| 110 |
2 |
|
|a Universidad Nacional de Quilmes
|
| 245 |
0 |
0 |
|a Centro de Estudios e Investigaciones : Memoria anual 1999
|c Universidad Nacional de Quilmes.
|
| 260 |
|
|
|a [Bernal] :
|b Universidad Nacional de Quilmes,
|c [2000]
|
| 300 |
|
|
|a ca. 30
|
| 650 |
|
7 |
|a Informes anuales
|2 spines
|
| 650 |
|
7 |
|a Memoria anual
|2 spines
|
| 653 |
|
|
|a UNQ
|
| 929 |
|
|
|a COMPRA
|b Universidad Nacional de Quilmes
|d 4,00E
|e 20010328
|f patrimonio
|j 29711
|
| 942 |
|
|
|c LIB
|n 0
|
| 999 |
|
|
|c 9907
|d 85294
|